logo

Bir Sreshtho Munshi Abdur Rouf Library
Jhenaidah Cadet College

শঙ্খনীল কারাগার / (Record no. 916)

MARC details
000 -LEADER
fixed length control field 00638nam a2200205 a 4500
001 - CONTROL NUMBER
JCCL Control Number 916
003 - CONTROL NUMBER IDENTIFIER
JCCL marc code BD-JhCC
005 - DATE AND TIME OF LATEST TRANSACTION
control field 20220623134023.0
008 - FIXED-LENGTH DATA ELEMENTS--GENERAL INFORMATION
fixed length control field 171011s1973 bg |||| |||| 000 0 ben d
035 ## - SYSTEM CONTROL NUMBER
system control number (BD-JhCC) 916
040 ## - CATALOGING SOURCE
Original cataloging agency BD-JhCC
Modifying agency BD-JhCC
041 ## - LANGUAGE CODE
Language code of Book ben
082 ## - DEWEY DECIMAL CLASSIFICATION NUMBER
Classification number 891.443
Author mark and Year AHA 1973
100 ## - MAIN ENTRY--PERSONAL NAME
Personal name আহমেদ, হুমায়ুন
245 ## - TITLE STATEMENT
Title শঙ্খনীল কারাগার /
Statement of responsibility, etc হুমায়ূন আহমেদ
260 ## - PUBLICATION, DISTRIBUTION, ETC. (IMPRINT)
Place of publication, distribution, etc ঢাকা:
Name of publisher, distributor, etc অন্যপ্রকাশ,
Date of publication, distribution, etc ১৯৭৩
300 ## - PHYSICAL DESCRIPTION
Pagination ৮৫ পৃ.;
Dimensions ২০ সে.মি.
650 ## - SUBJECT ADDED ENTRY--TOPICAL TERM
Topical term or geographic name as entry element Bengali Novel
942 ## - ADDED ENTRY ELEMENTS (KOHA)
Source of classification or shelving scheme Dewey Decimal Classification
Koha item type Books
Koha issues (borrowed), all copies 10
Holdings
Source of classification or shelving scheme Damaged status Not for loan Home library Current library Shelving location Date of accession Cost, normal purchase price Total Checkouts Full call number Barcode Date last seen Date checked out Copy number Koha item type Source of acquisition Method of acquisition Currency
Dewey Decimal Classification     JCC Rouf Library JCC Rouf Library General Stacks 10/11/2017 0.00 3 891.443 AHA 1973 1632 05/07/2024 04/24/2024 C-1 Books      
Dewey Decimal Classification     JCC Rouf Library JCC Rouf Library General Stacks 03/22/2018 200.00 8 891.443 AHA 1973 8522 06/30/2022 06/23/2022 C-2 Books IPDC    
Dewey Decimal Classification     JCC Rouf Library JCC Rouf Library General Stacks   125.00 3 891.443 AHA 2008 19490 09/02/2025 06/26/2025 C-3 Books   Purchase BDT

JCC Library | Contacts | JCC Home

Last Update on 23 September 2017
Copyright @ 2017-2020 JCC Rouf Library
Rouf Library, Jhenidah Cadet College (JCC), Bangladesh